=LDR 00000nam 2200000 4500 =001 INLIS000000000048492 =005 20161108135142.0 =006 =007 =008 =020 ##$$a 979-3421-90-8 =035 ##$$0010-111600000000071 =040 ##$$a NBPDMAT =082 ##$$a 345 =090 ##$$a 345$bLed a =100 ##$$a Leden Marpaung =245 ##$$a Asas-teori-praktik Hukum Pidana $c / Dr. Leden Marpaung SH. =250 ##$$a Cet. 8 =260 ##$$a Jakarta $b Sinar Grafika $c 2014 =300 ##$$a ix, 123 hlm. ; $c 23 cm =500 ##$$a Biblliografi hlm : 121 - 122 =650 ##$$a Hukum Pidana =850 ##$$a NBPDMAT =990 ##$$a 51600179